| Tag |
First Indicator |
Second Indicator |
Subfields |
| LEADER |
00000cam a2200000 a 4500 |
| 001 |
in00003856421 |
| 005 |
20190415182226.0 |
| 006 |
m o d |
| 007 |
cr |n||||||||n |
| 008 |
770923s1894 enkb o 000 0 eng |
| 035 |
|
|
|a (MiFhGG)MOMW201830
|
| 035 |
|
|
|a (OCoLC)778045768
|
| 040 |
|
|
|a TGPSM
|c UtOrBLW
|d UtOrBLW
|
| 043 |
|
|
|a a-ii---
|
| 050 |
|
4 |
|a HJ4385
|b .B334 1894
|
| 100 |
1 |
|
|a Baden-Powell, B. H.
|q (Baden Henry),
|d 1841-1901.
|0 http://id.loc.gov/authorities/names/n85103858
|
| 245 |
1 |
2 |
|a A short account of the land revenue and its administration in British India :
|b with a sketch of the land tenures /
|c by B.H. Baden-Powell ... With map.
|
| 264 |
|
1 |
|a Oxford :
|b Clarendon Press,
|c 1894.
|
| 300 |
|
|
|a 1 online resource (vi, 260 pages) :
|b folded map.
|
| 336 |
|
|
|a text
|b txt
|2 rdacontent
|
| 337 |
|
|
|a computer
|b c
|2 rdamedia
|
| 338 |
|
|
|a online resource
|b cr
|2 rdacarrier
|
| 490 |
1 |
|
|a The making of the modern world. Part 2 (1851-1914)
|
| 500 |
|
|
|a Reproduction of the original from the Hiroshima University of Economics.
|
| 500 |
|
|
|a Electronic resource.
|
| 650 |
|
0 |
|a Land value taxation
|z India.
|
| 650 |
|
0 |
|a Taxation
|z India.
|0 http://id.loc.gov/authorities/subjects/sh85132858
|
| 650 |
|
0 |
|a Land tenure
|z India.
|0 http://id.loc.gov/authorities/subjects/sh2008106558
|
| 655 |
|
7 |
|a Electronic books.
|2 local
|
| 710 |
2 |
|
|a Gale (Firm)
|0 http://id.loc.gov/authorities/names/no2008071348
|
| 740 |
0 |
|
|a Land revenue and its administration.
|
| 830 |
|
0 |
|a Making of the modern world. Part 2 (1851-1914)
|
| 856 |
|
|
|u http://proxy.library.tamu.edu/login?url=http://find.galegroup.com/openurl/openurl?url_ver=Z39.88-2004&url_ctx_fmt=info:ofi/fmt:kev:mtx:ctx&res_id=info:sid/gale:MOME&ctx_enc=info:ofi:enc:UTF-8&rft_val_fmt=info:ofi/fmt:kev:mtx:unknown&rft.artnum=U112138111&req_dat=info:sid/gale:ugnid:txshracd2898
|z Connect to the full text of this electronic book
|
| 999 |
f |
f |
|s 541eb224-1bd2-36e5-946f-1f03f8619d6b
|i 9b36e754-e3e3-3dc1-a2ef-8e1bbc5c567f
|t 0
|
| 952 |
f |
f |
|a Texas A&M University
|b College Station
|c Electronic Resources
|d Available Online
|t 0
|e HJ4385 .B334 1894
|h Library of Congress classification
|
| 998 |
f |
f |
|a HJ4385 .B334 1894
|t 0
|l Available Online
|